[Event "SVK ECo-C Extraliga 2018-19"]
[Site "Slovakia"]
[Date "2018.11.10"]
[Round "1"]
[White "Banas, Kamil"]
[Black "Magat, Jozef"]
[Result "0-1"]
[WhiteElo "2255"]
[BlackElo "2112"]
[Annotator "NA"]
[PlyCount "118"]
[EventDate "2018.11.10"]
[EventType "team-tourn"]
[EventCountry "SVK"]
[SourceTitle "playchess.com"]
[Source "ChessBase"]
[SourceQuality "1"]
[WhiteTeam "Modra"]
[BlackTeam "Dunajov"]
[TimeControl "40/5400+30:1800+30"]

1. e4 {[%emt 0:00:00]} g6 {[%emt 0:00:00]} 2. d4 {[%emt 0:00:00]} Bg7 {[%emt 0:00:00]} 3. Nc3 {[%emt 0:02:03]} d6 {[%emt 0:01:27]} 4. f4 {[%emt 0:00:37]} c5 {[%emt 0:01:28]} 5. d5 {[%emt 0:03:00]} a6 {[%emt 0:04:41] A43: Alt-Benoni} (5... Nf6 6. Nf3 O-O 7. Bd3 e6 8. O-O exd5 9. exd5 Na6 10. h3 Nb4 11. Bc4 Bf5 12. Rf2 Ne4 13. Nxe4 Bxe4 14. Ng5 b5 15. Bxb5 Bxd5 16. c3 Qb6 17. Be2 {½-½ (41) Cioara,A (2477)-Chatalbashev,B (2570) Plovdiv 2012}) 6. a4 {[%emt 0:01:04]} e6 {[%emt 0:01:05] LiveBook: 5 Games} 7. Nf3 {[%emt 0:15:06]} Ne7 {[%emt 0:02:22]} 8. Bc4 {[%emt 0:04:01]} Bxc3+ $146 {[%emt 0:06:41]} ({Vorgänger:} 8... O-O 9. dxe6 Bxe6 10. Bxe6 fxe6 11. Ng5 Qd7 12. Qg4 e5 13. Qe6+ {½-½ (46) Jakel,W (2204)-Buchal,S (2338) Radebeul 2016}) 9. bxc3 {[%emt 0:00:01]} exd5 {[%emt 0:00:41]} 10. Bxd5 {[%emt 0:03:54]} Nxd5 {[%emt 0:01:42]} 11. Qxd5 {[%emt 0:01:27]} Nc6 {[%emt 0:01:33]} 12. c4 {[%emt 0:17:14]} Be6 {[%emt 0:12:19]} 13. Qd3 {[%emt 0:01:22]} Qf6 {[%emt 0:13:28]} (13... Qe7 $11) 14. Rb1 {[%emt 0:02:15]} Nb4 {[%emt 0:01:22]} (14... Qe7 $11 {keeps the balance.}) 15. Qd2 {[%emt 0:03:28]} Qe7 {[%emt 0:08:35]} 16. Bb2 {[%emt 0:06:52]} O-O {[%emt 0:08:50]} 17. O-O {[%emt 0:03:48]} f6 {[%emt 0:02:53]} 18. Qc3 {[%emt 0:03:21]} Nc6 {[%emt 0:11:36]} 19. Ba1 {[%emt 0:00:50]} Rab8 {[%emt 0:09:56]} 20. h3 {[%emt 0:00:19]} Nb4 {[%emt 0:05:02]} ({Black should try} 20... Qc7 $14) 21. Nd2 {[%emt 0:15:52]} Rbe8 {[%emt 0:01:12]} 22. g4 {[%emt 0:01:57]} Bd7 {[%emt 0:01:11]} 23. g5 {[%emt 0:01:07]} Rf7 {[%emt 0:00:31]} 24. gxf6 {[%emt 0:03:04]} Qe6 {[%emt 0:00:01]} 25. Rf3 {[%emt 0:00:54]} (25. f5 $1 $16 {[%cal Rf5e6]} gxf5 26. Rxf5) 25... Bxa4 {[%emt 0:00:50]} 26. f5 {[%emt 0:02:43]} gxf5 {[%emt 0:00:40]} 27. Rxf5 {[%emt 0:01:52]} Kh8 {[%emt 0:00:33]} 28. Rg5 {[%emt 0:01:36]} Bxc2 {[%emt 0:00:47]} 29. Rxb4 {[%emt 0:00:43]} cxb4 {[%emt 0:00:25]} 30. Qxc2 {[%emt 0:00:34]} Qxh3 {[%emt 0:00:31]} 31. Nf1 {[%emt 0:00:32]} b3 {[%emt 0:00:54]} 32. Qe2 {[%emt 0:00:46]} Rg8 {[%emt 0:00:35]} 33. Qd2 {[%emt 0:01:12]} Qe6 {[%emt 0:00:44]} 34. Rxg8+ {[%emt 0:01:16]} Kxg8 {[%emt 0:00:01]} 35. Qe2 $2 {[%emt 0:00:35]} (35. Qf4 $14) 35... Rxf6 {[%emt 0:00:50]} 36. Ng3 $2 {[%emt 0:01:38]} (36. Bxf6 $15 Qxf6 37. Qd3) 36... Rg6 {[%emt 0:00:46]} 37. Kf2 {[%emt 0:00:22]} Qh3 {[%emt 0:01:03]} 38. Qf3 {[%emt 0:00:25]} Qh2+ {[%emt 0:00:35]} 39. Qg2 {[%emt 0:00:08]} Qxg2+ {[%emt 0:00:33]} 40. Kxg2 {[%emt 0:00:01]} Kf7 {[%emt 0:00:29]} 41. Kf3 {[%emt 0:31:57]} a5 {[%emt 0:31:07]} 42. Bb2 {[%emt 0:00:00]} a4 {[%emt 0:00:00]} 43. Ne2 {[%emt 0:00:00]} Rg8 {[%emt 0:00:00]} 44. Nc3 {[%emt 0:00:00]} Ra8 {[%emt 0:00:00]} 45. Nb5 {[%emt 0:00:00]} Ra6 {[%emt 0:00:00]} 46. Ba3 {[%emt 0:00:00]} Rc6 {[%emt 0:00:00]} 47. Ke3 {[%emt 0:00:00]} Ke8 {[%emt 0:00:00]} 48. Kd3 {[%emt 0:00:00]} Kd7 {[%emt 0:00:00]} 49. Bc1 {[%emt 0:00:00]} h5 {[%emt 0:00:00]} 50. Bf4 {[%emt 0:00:00]} h4 {[%emt 0:00:00]} 51. Bg5 {[%emt 0:00:00]} h3 {[%emt 0:00:00]} 52. Bf4 {[%emt 0:00:00]} Rb6 {[%emt 0:00:33]} 53. Kc3 {[%emt 0:00:00]} Rc6 {[%emt 0:01:18]} 54. Kd3 {[%emt 0:00:00]} Rc8 {[%emt 0:00:58]} 55. Kc3 {[%emt 0:00:00]} Rf8 {[%emt 0:00:34]} 56. Bxd6 {[%emt 0:00:00]} Rf3+ {[%emt 0:00:17]} 57. Kb2 {[%emt 0:00:00]} Rf2+ {[%emt 0:00:33]} 58. Ka3 {[%emt 0:00:00]} Ra2+ {[%emt 0:01:06]} 59. Kb4 {[%emt 0:00:00]} b2 {[%emt 0:00:59]} 0-1

[Event "SVK ECo-C Extraliga 2018-19"]
[Site "Slovakia"]
[Date "2018.11.10"]
[Round "1"]
[White "Zambor, Norbert"]
[Black "Motycakova, Monika"]
[Result "1/2-1/2"]
[WhiteElo "2253"]
[BlackElo "2148"]
[Annotator "NA"]
[PlyCount "43"]
[EventDate "2018.11.10"]
[EventType "team-tourn"]
[EventCountry "SVK"]
[SourceTitle "playchess.com"]
[Source "ChessBase"]
[SourceQuality "1"]
[WhiteTeam "Prakovce"]
[BlackTeam "Liptovska"]
[TimeControl "40/5400+30:1800+30"]

{[%evp 9,30,-5,32767,32767,32767,32767,16,32767,32767,32767,14,8,10,12,18,32767,6,3,7,2,3,5,-12]} 1. e4 {[%emt 0:00:00]} e5 {[%emt 0:00:51]} 2. Nf3 {[%emt 0:00:00]} Nc6 {[%emt 0:00:08]} 3. Bb5 {[%emt 0:00:20]} a6 {[%emt 0:00:24]} 4. Ba4 {[%emt 0:00:56]} Nf6 {[%emt 0:00:12]} 5. d4 {[%emt 0:02:10]} exd4 {[%emt 0:17:13]} 6. O-O {[%emt 0:01:00]} Be7 {[%emt 0:04:07]} 7. e5 {[%emt 0:00:37]} Ne4 {[%emt 0:02:17]} 8. Nxd4 {[%emt 0:02:06]} Nxd4 {[%emt 0:05:54]} 9. Qxd4 {[%emt 0:00:23]} Nc5 {[%emt 0:00:14]} 10. Nc3 {[%emt 0:00:59]} O-O {[%emt 0:01:08]} 11. Bg5 {[%emt 0:01:54]} Nxa4 {[%emt 0:14:15]} 12. Bxe7 {[%emt 0:00:21]} Qxe7 {[%emt 0:01:20]} ({Nicht} 12... Nxc3 $2 13. Qh4 $18) 13. Nxa4 {[%emt 0:00:47] LiveBook: 7 Games} b6 {[%emt 0:00:25]} 14. Nc3 {[%emt 0:03:08]} Bb7 {[%emt 0:00:46]} 15. Rad1 {[%emt 0:02:06]} Rfe8 $11 {[%emt 0:07:26]} 16. f4 {[%emt 0:03:31]} Rad8 {[%emt 0:01:20]} 17. Nd5 {[%emt 0:55:15]} Bxd5 {[%emt 0:03:04]} 18. Qxd5 {[%emt 0:00:48]} d6 {[%emt 0:03:24]} 19. Rfe1 {[%emt 0:06:43]} dxe5 {[%emt 0:10:09]} 20. Qxe5 {[%emt 0:00:24]} Rxd1 {[%emt 0:02:23]} 21. Rxd1 {[%emt 0:00:14]} Qxe5 {[%emt 0:00:16]} 22. fxe5 {[%emt 0:00:16]} 1/2-1/2

[Event "SVK ECo-C Extraliga 2018-19"]
[Site "Slovakia"]
[Date "2018.11.10"]
[Round "1"]
[White "Maslikova, Veronika"]
[Black "Privara, Igor"]
[Result "1-0"]
[WhiteElo "2249"]
[BlackElo "2207"]
[Annotator "NA"]
[PlyCount "85"]
[EventDate "2018.11.10"]
[EventType "team-tourn"]
[EventCountry "SVK"]
[SourceTitle "playchess.com"]
[Source "ChessBase"]
[SourceQuality "1"]
[WhiteTeam "Podhajska"]
[BlackTeam "Slovan"]
[TimeControl "40/5400+30:1800+30"]

1. e4 {[%emt 0:00:00]} c5 {[%emt 0:00:00]} 2. Nc3 {[%emt 0:00:00]} Nc6 {[%emt 0:00:00]} 3. Bb5 {[%emt 0:00:13]} Nd4 {[%emt 0:00:08]} 4. Bc4 {[%emt 0:00:25]} e6 {[%emt 0:00:49]} 5. Nge2 {[%emt 0:02:17]} a6 {[%emt 0:01:47] B23: Closed Sicilian: Lines without g3} (5... Ne7 6. Nxd4 cxd4 7. Ne2 Nc6 8. O-O a6 9. d3 d5 10. exd5 exd5 11. Bb3 Bd6 12. Nf4 Bxf4 13. Bxf4 O-O 14. Qf3 Be6 15. Rfe1 {1-0 (58) Cornette,M (2611)-Lenic,L (2662) chess.com INT 2018}) 6. a4 {[%emt 0:04:53]} Nf6 {[%emt 0:12:22]} 7. d3 {[%emt 0:15:18]} d5 {[%emt 0:01:32]} 8. Ba2 {[%emt 0:00:20]} Nxe2 {[%emt 0:10:31]} 9. Kxe2 $146 {[%emt 0:01:19]} ({White should play Predecessor:} 9. Qxe2 $11 d4 10. Nb1 Qa5+ 11. Nd2 Qxa4 12. f4 {1-0 (34) Batchelor,G (1829)-Jones,S (2004) Sunningdale 2013}) 9... d4 {[%emt 0:02:35]} 10. Nb1 {[%emt 0:01:20]} Bd7 {[%emt 0:03:55]} 11. Bg5 {[%emt 0:13:41]} Be7 {[%emt 0:05:31]} 12. Nd2 {[%emt 0:07:58]} O-O {[%emt 0:04:09]} 13. Bb3 {[%emt 0:03:04]} Qc7 {[%emt 0:05:49]} 14. a5 {[%emt 0:06:53]} Bc6 {[%emt 0:03:26]} 15. Bh4 {[%emt 0:14:54]} Rae8 {[%emt 0:07:36]} 16. Bg3 {[%emt 0:00:44]} Bd6 {[%emt 0:00:29]} 17. Nc4 {[%emt 0:02:03]} Bf4 {[%emt 0:03:17]} 18. Kf1 {[%emt 0:08:06]} g6 {[%emt 0:04:05]} 19. Qe2 {[%emt 0:05:52]} Nh5 {[%emt 0:03:28]} 20. Ba4 {[%emt 0:01:18]} Bxa4 {[%emt 0:07:41]} 21. Rxa4 {[%emt 0:00:03]} f5 {[%emt 0:00:39]} 22. e5 {[%emt 0:02:52]} Bxg3 {[%emt 0:06:10]} 23. hxg3 {[%emt 0:00:10]} f4 {[%emt 0:00:16]} 24. Nd6 {[%emt 0:01:25]} Re7 {[%emt 0:02:11]} 25. Rh4 {[%emt 0:02:07]} ({Better is} 25. g4 $11 Ng7 26. Ne4 Qxe5 27. Rc4) 25... fxg3 {[%emt 0:03:54]} 26. f3 {[%emt 0:00:02]} Nf4 {[%emt 0:01:09]} 27. Qe4 {[%emt 0:01:05]} Nd5 {[%emt 0:00:31]} 28. Kg1 {[%emt 0:01:28]} Ne3 {[%emt 0:02:19]} 29. Rh3 $19 {[%emt 0:01:12]} (29. Rh6 {keeps fighting.}) 29... Nf5 {[%emt 0:01:11]} 30. Nc4 {[%emt 0:01:11]} Rd7 {[%emt 0:02:07]} 31. Ra3 {[%emt 0:00:39]} Rd5 {[%emt 0:00:25]} 32. Rb3 {[%emt 0:00:03]} Rf7 {[%emt 0:02:58]} 33. Rb6 {[%emt 0:00:51]} Qd7 {[%emt 0:00:26]} 34. b3 {[%emt 0:00:03]} Qe7 {[%emt 0:00:56]} 35. Qg4 {[%emt 0:01:14]} Qf8 {[%emt 0:02:00]} 36. Rxe6 {[%emt 0:00:29]} Qc8 {[%emt 0:00:38]} 37. Rb6 {[%emt 0:00:32]} Qe8 {[%emt 0:00:29]} 38. Qe4 {[%emt 0:01:10]} Rfd7 {[%emt 0:00:52]} 39. Rxb7 {[%emt 0:01:12]} Rxe5 {[%emt 0:00:32]} 40. Nxe5 {[%emt 0:00:10]} Rxb7 {[%emt 0:00:22]} 41. Qxb7 {[%emt 0:30:30]} Qxe5 {[%emt 0:30:10]} 42. Qxh7+ {[%emt 0:01:13]} Kf8 {[%emt 0:00:10]} 43. Qh8+ {[%emt 0:00:11]} 1-0

[Event "SVK ECo-C Extraliga 2018-19"]
[Site "Slovakia"]
[Date "2018.11.10"]
[Round "1"]
[White "Janko, Zoltan"]
[Black "Csonka, Attila Istvan"]
[Result "1/2-1/2"]
[WhiteElo "2247"]
[BlackElo "2347"]
[Annotator "TA"]
[PlyCount "40"]
[EventDate "2018.11.10"]
[EventType "team-tourn"]
[EventCountry "SVK"]
[SourceTitle "playchess.com"]
[Source "ChessBase"]
[SourceQuality "1"]
[WhiteTeam "Komarno"]
[BlackTeam "Streda"]

{[%evp 9,40,16,50,10,0,-8,20,10,18,26,55,58,58,58,47,0,37,-12,0,-15,-17,-9,-8,-20,-12,-9,-8,-20,-14,-18,0,0,17]} 1. e4 c5 2. Nf3 e6 3. b3 Nc6 4. Bb2 a6 5. c4 b6 (5... Nf6 6. e5 Ng4 7. h3 Nh6 8. g4 d6 9. Bg2 dxe5 10. Nxe5 Nxe5 11. Bxe5 f6 12. Bb2 Nf7 13. d4 cxd4 14. Qxd4 {0-1 (32) Onischuk,V (2637)-Svidler,P (2765) Riadh 2017}) 6. Be2 {B40: Sicilian: 2...e6, Unusual lines} Bb7 7. O-O Qc7 8. d4 $146 ({Predecessor:} 8. Re1 Nf6 9. Bf1 d6 10. d4 cxd4 11. Nxd4 Be7 12. Nc3 O-O 13. Rc1 Nxd4 14. Qxd4 {1-0 (43) Sikkel,D (2008)-In't Veld,D (2211) Amsterdam 2014}) 8... cxd4 9. Nxd4 Nxd4 10. Qxd4 Nf6 11. e5 Bc5 12. Qh4 Ne4 ({Not} 12... Qc6 $2 13. Bf3 $18) 13. Bd3 g5 {The position is equal.} 14. Qg4 h5 15. Qe2 $36 {[%mdl 2048] White is pushing.} Qc6 $1 16. Bxe4 Qxe4 17. Qxe4 Bxe4 18. Nc3 Bc6 19. Rfe1 Bb4 20. a3 Bxc3 {Precision: White = 61%, Black = 50%.} 1/2-1/2

[Event "SVK ECo-C Extraliga 2018-19"]
[Site "Slovakia"]
[Date "2018.11.10"]
[Round "1"]
[White "Cibickova, Zuzana"]
[Black "Bagi, Mate"]
[Result "0-1"]
[WhiteElo "2243"]
[BlackElo "2444"]
[Annotator "TA"]
[PlyCount "82"]
[EventDate "2018.11.10"]
[EventType "team-tourn"]
[EventCountry "SVK"]
[SourceTitle "playchess.com"]
[Source "ChessBase"]
[SourceQuality "1"]
[WhiteTeam "Komarno"]
[BlackTeam "Streda"]

{[%evp 26,82,0,0,0,0,0,-14,-9,-21,93,-18,-18,-56,-11,-10,-10,-51,0,0,0,0,2,0,7,8,49,0,24,14,17,21,91,101,109,109,98,-146,69,52,84,0,0,0,0,0,0,-28,-29,-158,-167,-428,-97,-333,-326,-1218,-1218,-1155,-1133]} 1. d4 Nf6 2. c4 c5 3. d5 e6 4. Nc3 exd5 5. cxd5 d6 6. e4 g6 7. Nf3 Bg7 8. Be2 O-O 9. O-O Re8 10. Nd2 Nbd7 11. Qc2 Ne5 {A77: Modern Benoni: Classical: 9...Re8 10 Nd2: 10...a6 and 10...Nbd7} 12. h3 (12. b3 Bg4 13. Bxg4 Nfxg4 14. Bb2 a6 15. h3 Nf6 16. f4 Ned7 17. Nc4 Nb6 18. Rae1 Nxc4 19. bxc4 Nd7 20. e5 dxe5 {½-½ (30) Aronian,L (2786)-Caruana,F (2794) Moscow 2016 CBM 172 [Marin,M]}) 12... g5 13. Nf3 Nxf3+ 14. Bxf3 {LiveBook: 3 Games} g4 15. hxg4 Nxg4 16. Bxg4 Bxg4 17. Bf4 {[#]} a6 $146 (17... Qf6 $11 18. Qd2 Bd7) ({Predecessor:} 17... Qf6 18. Bg3 Bd7 19. a4 {0-1 (79) Dornauer,J (2230)-Soffer,R (2525) Linz 1997}) 18. a4 (18. Qd3 $1 $16) 18... Qf6 $11 19. Bg3 h5 20. f3 Bd7 21. a5 (21. e5 $5 {[%cal Re5f6]} Qh6 22. exd6 $15) 21... Bb5 (21... Qg6 $15 22. Bh4 f5) 22. Rfe1 h4 23. Bh2 Rad8 24. Kh1 Bd7 25. Rad1 Kh8 26. Qf2 Qh6 27. Qe3 Qg6 28. Qf4 Qh5 (28... Bf6 $11 {keeps the balance.}) 29. Qxd6 $16 Ba4 30. Qxc5 ({Not} 30. Nxa4 Rxd6 31. Bxd6 h3 $17) 30... Bxd1 31. Nxd1 $2 {[#]} (31. Rxd1 $16 {is forced if you want to stay better.} h3 32. g4) 31... Rc8 $2 (31... Rxd5 $1 $17 {[%mdl 512]} 32. Qc7 (32. Qxd5 Qxd5) 32... Rxa5) 32. Qf2 $14 Rc1 33. Nc3 (33. Bf4 $16 Rb1 34. Nc3 Rxe1+ 35. Qxe1) 33... Rxe1+ $11 34. Qxe1 h3 $36 {[%mdl 2048] Black fights for an advantage.} 35. g4 Qg5 $1 36. Qf1 Kg8 37. Bc7 (37. Qxh3 $11 Qc1+ 38. Bg1) 37... Qd2 $17 38. Qe2 $2 (38. g5) 38... Qc1+ $2 (38... Bxc3 $19 39. Qxd2 Bxd2) 39. Kh2 $2 {[#]} (39. Qd1 $17 {was forced.} Qxb2 40. Ne2) 39... Rc8 $1 $19 40. Bd6 $2 (40. Bg3 Bxc3 41. bxc3 Rxc3 42. Kxh3) 40... Bxc3 41. bxc3 Rxc3 {Precision: White = 23%, Black = 35%.} 0-1

[Event "SVK ECo-C Extraliga 2018-19"]
[Site "Slovakia"]
[Date "2018.11.10"]
[Round "1"]
[White "Karas, Marek"]
[Black "Vojtek, Vladimir"]
[Result "1/2-1/2"]
[WhiteElo "2224"]
[BlackElo "2316"]
[Annotator "NA"]
[PlyCount "146"]
[EventDate "2018.11.10"]
[EventType "team-tourn"]
[EventCountry "SVK"]
[SourceTitle "playchess.com"]
[Source "ChessBase"]
[SourceQuality "1"]
[WhiteTeam "Osuske"]
[BlackTeam "Dubnica"]
[TimeControl "40/5400+30:1800+30"]

1. Nf3 {[%emt 0:00:00]} c5 {[%emt 0:01:03]} 2. g3 {[%emt 0:00:00]} Nc6 {[%emt 0:00:34]} 3. c4 {[%emt 0:01:14]} e6 {[%emt 0:00:28]} 4. Bg2 {[%emt 0:00:20]} Nf6 {[%emt 0:00:32]} 5. O-O {[%emt 0:00:26]} Be7 {[%emt 0:00:20]} 6. d4 {[%emt 0:01:16]} cxd4 {[%emt 0:02:50] LiveBook: 102 Games} 7. Nxd4 {[%emt 0:00:16]} O-O {[%emt 0:01:10]} 8. Nc3 {[%emt 0:00:27]} a6 {[%emt 0:01:52]} 9. b3 {[%emt 0:02:51]} Qa5 {[%emt 0:15:39]} 10. Bb2 {[%emt 0:02:51] A33: Symmetrical English: 2 Nf3 Nf6 3 d4 cxd4 4 Nxd4 e6 5 Nc3 Nc6} Rb8 {[%emt 0:02:09]} (10... Ba3 11. Bxa3 Qxa3 12. Na4 Rb8 13. c5 Qb4 14. Nc2 Qg4 15. Ne3 Qh5 16. Bf3 Qh3 17. Nb6 d5 {1-0 (34) Gonda,L (2510)-Marszalek,M (2289) Budapest 2018}) 11. a3 {[%emt 0:02:45]} Nxd4 {[%emt 0:03:39]} 12. Qxd4 {[%emt 0:00:15]} Qc5 {[%emt 0:03:15]} ({Black should try} 12... b6 $14) 13. Qxc5 {[%emt 0:02:11]} Bxc5 {[%emt 0:00:01]} 14. Na4 {[%emt 0:02:06]} Be7 {[%emt 0:09:10]} 15. c5 {[%emt 0:02:49]} b5 $146 {[%emt 0:16:25]} ({Predecessor:} 15... Ne8 16. Rac1 d6 17. Rfd1 f6 18. cxd6 Bxd6 {1-0 (28) Boudy Bueno,J-Caro,A Camaguey 1974}) 16. Be5 {[%emt 0:05:38]} Rb7 {[%emt 0:03:36]} 17. Bxb7 {[%emt 0:01:13]} Bxb7 {[%emt 0:00:02]} 18. Nb6 {[%emt 0:05:10]} Bxc5 {[%emt 0:01:31]} 19. Bxf6 {[%emt 0:00:23]} Bxb6 {[%emt 0:01:11]} 20. Be7 {[%emt 0:00:15]} Re8 {[%emt 0:04:06]} 21. Bd6 {[%emt 0:00:23]} Bd5 {[%emt 0:03:57]} 22. Rab1 {[%emt 0:03:53]} h5 {[%emt 0:01:19]} 23. Rfd1 {[%emt 0:05:47]} Kh7 {[%emt 0:01:59]} 24. Kf1 {[%emt 0:02:21]} g5 {[%emt 0:03:12]} 25. Be5 {[%emt 0:06:11]} Kg6 {[%emt 0:04:10]} 26. b4 {[%emt 0:05:21]} Rc8 {[%emt 0:06:28]} 27. Bd4 {[%emt 0:02:34]} Bd8 {[%emt 0:01:20]} 28. Bc5 {[%emt 0:06:23]} Bf6 {[%emt 0:04:48]} 29. Bd4 {[%emt 0:02:11]} Be7 {[%emt 0:02:43]} 30. Rbc1 {[%emt 0:01:33]} Bc6 {[%emt 0:00:24]} 31. f3 {[%emt 0:02:16]} f6 {[%emt 0:01:02]} 32. Kf2 {[%emt 0:01:07]} Rh8 {[%emt 0:00:18]} 33. e4 {[%emt 0:01:26]} Bd8 {[%emt 0:01:09]} 34. Ke3 {[%emt 0:01:23]} g4 {[%emt 0:01:42]} 35. Rf1 {[%emt 0:04:20]} Rf8 {[%emt 0:01:06]} 36. Rc2 {[%emt 0:02:30]} f5 {[%emt 0:00:57]} 37. exf5+ {[%emt 0:01:36]} exf5 {[%emt 0:00:26]} 38. fxg4 {[%emt 0:01:55]} hxg4 {[%emt 0:00:34]} 39. Re2 {[%emt 0:02:50]} Bd5 {[%emt 0:00:50]} 40. Rfe1 {[%emt 0:07:59]} Bf3 {[%emt 0:00:46]} 41. Rc2 {[%emt 0:32:58]} Be4 {[%emt 0:31:13]} 42. Rce2 {[%emt 0:02:46]} Bg5+ {[%emt 0:00:00]} 43. Kf2 {[%emt 0:00:00]} Rc8 {[%emt 0:00:00]} 44. Be3 {[%emt 0:00:00]} Bf6 {[%emt 0:00:00]} 45. Rc1 {[%emt 0:00:00]} Rh8 {[%emt 0:00:00]} 46. Kg1 $11 {[%emt 0:00:00]} Be5 {[%emt 0:00:00]} 47. Bf2 {[%emt 0:00:00]} Re8 {[%emt 0:00:00]} 48. Rd2 {[%emt 0:00:00]} Bc6 {[%emt 0:00:00]} 49. Re2 {[%emt 0:00:00]} Re6 {[%emt 0:00:00]} 50. Rce1 {[%emt 0:00:00]} Be4 {[%emt 0:00:00]} 51. Rc1 {[%emt 0:00:00]} d5 {[%emt 0:00:00]} 52. Rd2 {[%emt 0:00:00]} Bf6 {[%emt 0:00:30]} 53. Be3 {[%emt 0:00:00]} Bf3 {[%emt 0:00:33]} 54. Kf2 {[%emt 0:00:00]} Be5 {[%emt 0:03:35]} 55. Bf4 {[%emt 0:00:00]} Bf6 {[%emt 0:00:32]} 56. Be3 {[%emt 0:00:00]} d4 {[%emt 0:00:47]} 57. Bxd4 {[%emt 0:01:24]} Bg5 {[%emt 0:00:23]} 58. Rcc2 {[%emt 0:01:20]} Bxd2 {[%emt 0:00:43]} 59. Rxd2 {[%emt 0:00:06]} Be4 {[%emt 0:01:11]} 60. Bc5 {[%emt 0:01:00]} Kf6 {[%emt 0:00:38]} 61. Rd8 {[%emt 0:01:11]} Bf3 {[%emt 0:00:22]} 62. Be3 {[%emt 0:00:16]} Rc6 {[%emt 0:00:11]} 63. Bc5 {[%emt 0:00:04]} Re6 {[%emt 0:00:35]} 64. Rd6 {[%emt 0:00:20]} Rxd6 {[%emt 0:00:05]} 65. Bxd6 {[%emt 0:00:05]} Ke6 {[%emt 0:00:02]} 66. Bc5 {[%emt 0:00:12]} Be4 {[%emt 0:01:03]} 67. Bb6 {[%emt 0:00:29]} Kd5 {[%emt 0:00:15]} 68. Ke3 {[%emt 0:00:11]} Kc4 {[%emt 0:00:02]} 69. Kd2 {[%emt 0:00:25]} Kb3 {[%emt 0:00:09]} 70. Ba5 {[%emt 0:00:09]} Kxa3 {[%emt 0:00:09]} 71. Kc3 {[%emt 0:00:09]} Ka2 {[%emt 0:00:01]} 72. Bc7 {[%emt 0:00:10]} Ka3 {[%emt 0:00:16]} 73. Ba5 {[%emt 0:00:06]} Ka2 {[%emt 0:00:33]} 1/2-1/2

[Event "SVK ECo-C Extraliga 2018-19"]
[Site "Slovakia"]
[Date "2018.11.10"]
[Round "1"]
[White "Bombek, Peter"]
[Black "Gasa, Patrik"]
[Result "1/2-1/2"]
[WhiteElo "2217"]
[BlackElo "2177"]
[Annotator "NA"]
[PlyCount "50"]
[EventDate "2018.11.10"]
[EventType "team-tourn"]
[EventCountry "SVK"]
[SourceTitle "playchess.com"]
[Source "ChessBase"]
[SourceQuality "1"]
[WhiteTeam "Dubnica"]
[BlackTeam "Osuske"]
[TimeControl "40/5400+30:1800+30"]

1. d4 {[%emt 0:00:00]} d5 {[%emt 0:00:00]} 2. Nf3 {[%emt 0:00:00]} Nf6 {[%emt 0:00:00]} 3. c4 {[%emt 0:00:27]} e6 {[%emt 0:01:39]} 4. e3 {[%emt 0:00:18]} a6 {[%emt 0:00:07] LiveBook: 565 Games} 5. b3 {[%emt 0:01:52] D30: Queen's Gambit Declined: Systems without Nc3} c5 {[%emt 0:00:18]} (5... dxc4 6. bxc4 c5 7. Bd3 cxd4 8. exd4 Bb4+ 9. Nbd2 O-O 10. Bb2 b5 11. c5 Bxc5 12. Bxh7+ Nxh7 13. dxc5 {½-½ (30) Artemiev,V (2706)-Rakhmanov,A (2634) Sochi 2018}) 6. Be2 {[%emt 0:01:16]} Nc6 {[%emt 0:00:14]} 7. O-O {[%emt 0:00:57]} Be7 {[%emt 0:00:04]} 8. Bb2 {[%emt 0:01:00]} O-O {[%emt 0:00:15]} 9. dxc5 {[%emt 0:02:43]} dxc4 {[%emt 0:02:33]} 10. Bxc4 {[%emt 0:02:48]} Bxc5 {[%emt 0:01:21]} 11. Be2 $146 {[%emt 0:03:38]} ({Predecessor:} 11. Nbd2 Be7 12. Nd4 Nxd4 13. Bxd4 b5 14. Be2 Bb7 15. Bf3 Bxf3 16. Nxf3 Nd5 {½-½ (16) Hernando Pertierra,J (2355)-Martin Duque,J (2376) San Sebastian 2017}) 11... Qe7 {[%emt 0:02:21]} 12. Nbd2 {[%emt 0:02:55]} Rd8 {[%emt 0:01:37]} 13. Rc1 {[%emt 0:01:40]} Ba3 {[%emt 0:00:37]} 14. Qc2 {[%emt 0:01:32]} Bd7 {[%emt 0:05:13]} 15. Nc4 {[%emt 0:06:47]} Bxb2 {[%emt 0:00:52]} 16. Qxb2 {[%emt 0:00:20]} Nd5 {[%emt 0:01:27]} 17. Nfe5 {[%emt 0:03:18]} Nxe5 {[%emt 0:04:04]} 18. Nxe5 {[%emt 0:05:24]} Bb5 {[%emt 0:02:34]} 19. Rfd1 {[%emt 0:07:36]} Bxe2 {[%emt 0:03:20]} 20. Qxe2 {[%emt 0:00:05]} Rac8 $11 {[%emt 0:00:04]} 21. g3 {[%emt 0:04:45]} Nc3 {[%emt 0:04:27]} 22. Qc2 {[%emt 0:02:31]} Rxd1+ {[%emt 0:11:03]} 23. Rxd1 {[%emt 0:01:03]} Qc7 {[%emt 0:00:18]} 24. Rd4 {[%emt 0:01:12]} b5 {[%emt 0:34:51]} 25. Nd3 {[%emt 0:11:59]} g6 {[%emt 0:01:57]} 1/2-1/2